Проблема определения оптимального показателя социо - экономического благополучия; Информационные технологии в науке, управлении, социальной сфере и медицине; Ч. 2
| Parent link: | Информационные технологии в науке, управлении, социальной сфере и медицине: сборник научных трудов III Международной научной конференции, 23-26 мая 2016 г., Томск.— , 2016 Ч. 2.— 2016.— [С. 592-595] |
|---|---|
| Κύριος συγγραφέας: | |
| Συλλογικό Έργο: | , |
| Άλλοι συγγραφείς: | |
| Περίληψη: | Заглавие с титульного экрана This article deals with different scientific interpretations of welfare assessment tools. The authors examined main problems about obtain reliable information in the field of welfare research. The authors reviewed existing mechanisms of research with recommendations to improve data tools. |
| Γλώσσα: | Ρωσικά |
| Έκδοση: |
2016
|
| Σειρά: | Оценка и моделирование социального благополучия населения |
| Θέματα: | |
| Διαθέσιμο Online: | http://earchive.tpu.ru/handle/11683/31542 |
| Μορφή: | MixedMaterials Ηλεκτρονική πηγή Κεφάλαιο βιβλίου |
| KOHA link: | https://koha.lib.tpu.ru/cgi-bin/koha/opac-detail.pl?biblionumber=619807 |
MARC
| LEADER | 00000naa2a2200000 4500 | ||
|---|---|---|---|
| 001 | 619807 | ||
| 005 | 20231222123344.0 | ||
| 035 | |a (RuTPU)RU\TPU\conf\18243 | ||
| 035 | |a RU\TPU\conf\18242 | ||
| 090 | |a 619807 | ||
| 100 | |a 20160901d2016 k y0rusy50 ca | ||
| 101 | 0 | |a rus | |
| 102 | |a RU | ||
| 105 | |a y z 101zy | ||
| 135 | |a drcn ---uucaa | ||
| 181 | 0 | |a i | |
| 182 | 0 | |a b | |
| 200 | 1 | |a Проблема определения оптимального показателя социо - экономического благополучия |d The problem of determination optimal perfamance of social economic well - being |f С. В. Потягайлов, Г. А. Барышева | |
| 203 | |a Текст |c электронный | ||
| 225 | 1 | |a Оценка и моделирование социального благополучия населения | |
| 300 | |a Заглавие с титульного экрана | ||
| 320 | |a [Библиогр.: с. 594-595 (6 назв.)] | ||
| 330 | |a This article deals with different scientific interpretations of welfare assessment tools. The authors examined main problems about obtain reliable information in the field of welfare research. The authors reviewed existing mechanisms of research with recommendations to improve data tools. | ||
| 461 | 1 | |0 (RuTPU)RU\TPU\conf\17281 |t Информационные технологии в науке, управлении, социальной сфере и медицине |o сборник научных трудов III Международной научной конференции, 23-26 мая 2016 г., Томск |o в 2 ч. |d 2016 | |
| 463 | 1 | |0 (RuTPU)RU\TPU\conf\17287 |t Ч. 2 |f Национальный исследовательский Томский политехнический университет (ТПУ) ; под ред. О. Г. Берестневой [и др.] |v [С. 592-595] |d 2016 | |
| 510 | 1 | |a The problem of determination optimal perfamance of social economic well - being |z eng | |
| 610 | 1 | |a труды учёных ТПУ | |
| 610 | 1 | |a электронные ресурсы | |
| 610 | 1 | |a показатели | |
| 610 | 1 | |a индикаторы | |
| 610 | 1 | |a благополучие | |
| 610 | 1 | |a социально-экономическое благополучие | |
| 610 | 1 | |a дифференциация | |
| 700 | 1 | |a Потягайлов |b С. В. |c экономист |c лаборант Томского политехнического университета |g Сергей Витальевич |3 (RuTPU)RU\TPU\pers\37152 | |
| 701 | 1 | |a Барышева |b Г. А. |c экономист |c профессор Томского политехнического университета, доктор экономических наук |f 1961- |g Галина Анзельмовна |3 (RuTPU)RU\TPU\pers\25765 |9 11658 | |
| 712 | 0 | 2 | |a Национальный исследовательский Томский политехнический университет (ТПУ) |b Институт социально-гуманитарных технологий (ИСГТ) |b Кафедра экономики (ЭКОН) |b Международная научно-образовательная лаборатория технологий улучшения благополучия пожилых людей (МНОЛ ТУБПЛ) |3 (RuTPU)RU\TPU\col\21257 |
| 712 | 0 | 2 | |a Национальный исследовательский Томский политехнический университет (ТПУ) |b Институт социально-гуманитарных технологий (ИСГТ) |b Кафедра экономики (ЭКОН) |3 (RuTPU)RU\TPU\col\18375 |
| 801 | 2 | |a RU |b 63413507 |c 20160912 |g RCR | |
| 856 | 4 | |u http://earchive.tpu.ru/handle/11683/31542 | |
| 942 | |c BK | ||